| 000 -LEADER |
| fixed length control field |
00739nam a2200217Ia 4500 |
| 001 - CONTROL NUMBER |
| control field |
7340 |
| 003 - CONTROL NUMBER IDENTIFIER |
| control field |
GE_BSU |
| 008 - FIXED-LENGTH DATA ELEMENTS--GENERAL INFORMATION |
| fixed length control field |
181216s||||||||xx |||||||||||||| ||und|| |
| 020 ## - INTERNATIONAL STANDARD BOOK NUMBER |
| International Standard Book Number |
9994013459 |
| 040 ## - CATALOGING SOURCE |
| Transcribing agency |
GE_BSU |
| 100 ## - MAIN ENTRY--PERSONAL NAME |
| Personal name |
სურმანიძე რამაზ. |
| 245 ## - TITLE STATEMENT |
| Title |
მელიქიშვილები. გრიგოლი, სტეფანე, პეტრე, იოსები, ეკატერინე. |
| 245 ## - TITLE STATEMENT |
| Statement of responsibility, etc. |
რედ: გ. სალიაშვილი. |
| 260 ## - PUBLICATION, DISTRIBUTION, ETC. |
| Place of publication, distribution, etc. |
თბილისი. |
| 260 ## - PUBLICATION, DISTRIBUTION, ETC. |
| Name of publisher, distributor, etc. |
თბილისის უნ-ტის გამ-ბა. |
| 260 ## - PUBLICATION, DISTRIBUTION, ETC. |
| Date of publication, distribution, etc. |
2003. |
| 300 ## - PHYSICAL DESCRIPTION |
| Extent |
176 გვ; 20 სმ. |
| 300 ## - PHYSICAL DESCRIPTION |
| Other physical details |
ილ. |
| 653 ## - INDEX TERM--UNCONTROLLED |
| Uncontrolled term |
929.52( 479.22) |
| 942 ## - ADDED ENTRY ELEMENTS (KOHA) |
| Koha item type |
წიგნი |